The handbook of personal wealth management : how to ensure maximum returns with security /

Bibliographic Details
Other Authors: Reuvid, Jonathan
Format: Book
Language:English
Published: London ; Philadelphia : Kogan Page, 2007.
Edition:3rd ed.
Subjects:
Online Access:Table of contents only
Contributor biographical information
Publisher description

MARC

Tag First Indicator Second Indicator Subfields
LEADER 00000cam a2200000 a 4500
001 in00002780421
005 20150922142655.0
008 070301s2007 enkab b 001 0 eng
010 |a  2007008565 
020 |a 9780749449520 
020 |a 0749449527 
035 |a (OCoLC)ocm78989219 
040 |a DLC  |c DLC  |d TXA  |d UtOrBLW 
049 |a TXAM 
050 0 0 |a HG179  |b .H2549 2007 
082 0 0 |a 332.024/01  |2 22 
245 0 4 |a The handbook of personal wealth management :  |b how to ensure maximum returns with security /  |c consultant editor, Jonathan Reuvid. 
250 |a 3rd ed. 
264 1 |a London ;  |a Philadelphia :  |b Kogan Page,  |c 2007. 
300 |a xx, 397 pages :  |b illustrations (some color), maps ;  |c 24 cm. 
336 |a text  |b txt  |2 rdacontent 
337 |a unmediated  |b n  |2 rdamedia 
338 |a volume  |b nc  |2 rdacarrier 
504 |a Includes bibliographical references and index. 
650 0 |a Finance, Personal. 
650 0 |a Rich people  |x Finance, Personal. 
650 0 |a Investments. 
700 1 |a Reuvid, Jonathan. 
856 4 1 |3 Table of contents only  |u http://catdir.loc.gov/catdir/toc/ecip0712/2007008565.html  |t 0 
856 4 2 |3 Contributor biographical information  |u http://catdir.loc.gov/catdir/enhancements/fy0905/2007008565-b.html  |t 0 
856 4 2 |3 Publisher description  |u http://catdir.loc.gov/catdir/enhancements/fy0915/2007008565-d.html  |t 0 
948 |a cataloged  |b h  |c 2012/11/15  |d c  |e dmitchel  |f 12:20:10 pm 
994 |a C0  |b TXA 
999 |a MARS 
999 f f |s f357dd05-3815-3f94-874a-308e76636471  |i 135411af-4721-3d68-8fc9-41859466db88  |t 0 
952 f f |p ric  |a Texas A&M University  |b Rellis Campus  |c Joint Library Facility  |d Remote Storage  |t 0  |e HG179 .H2549 2007  |h Library of Congress classification  |i unmediated -- volume  |m A14838747803 
998 f f |a HG179 .H2549 2007  |t 0  |l Remote Storage